000 00356nam a2200145Ia 4500
008 230917s9999||||xx |||||||||||||| ||und||
040 _e49142
_aMAIN
041 _aEnglish
082 _a843.7 V594T
100 _aVerne, Jules
245 0 _aTwenty thousand leagues under the sea
260 _aLondon
_bJM Dent
_c1968
300 _ax, 293 p.
942 _cBK
999 _c180609
_d180609